Statistics for Harry Potter and the Goblet of Fire Characters Quiz

Click here to take the quiz!

General Stats

  • This quiz has been taken 148 times
  • The average score is 13 of 14

Answer Stats

Actor/ActressDescriptionCharacter% Correct
Rupert GrintHarry's best friend at HogwartsRon Weasley
100%
Emma WatsonHarry's Muggle-born best friend and the trio's brainsHermione Granger
99%
Michael GambonThe headmaster of Hogwarts and one of the greatest wizards of the ageAlbus Dumbledore
98%
Daniel RadcliffeA 14-year-old British wizard famous for surviving his parents' murder at the hands of the evil dark wizard Lord Voldemort as an infant, who now enters his fourth year at Hogwarts School of Witchcraft and WizardryHarry Potter
98%
Alan RickmanThe Potions teacher at Hogwarts and head of SlytherinSeverus Snape
98%
Gary OldmanHarry's infamous godfather, who escapes from the Wizarding prison Azkaban after serving twelve years there for being falsely accused of being the Death Eater who betrayed Harry's parents to VoldemortSirius Black
98%
Robbie ColtraneThe gamekeeper and new Care of Magical Creatures teacher at HogwartsRubeus Hagrid
97%
Ralph FiennesThe noseless wizard who goes by the name of "He Who Must Not Be Named"Lord Voldemort
96%
Jason IsaacsThe father of Draco MalfoyLucius Malfoy
96%
Miranda RichardsonA reporter for the Daily Prophet and a correspondent for the Witch Weekly, who specialises in yellow journalism, for which she is armed with such magical devices as the Quick-Quotes QuillRita Skeeter
91%
Brendon GleesonThe new Defense Against the Dark Arts teacherAlastor Moody
88%
Maggie SmithThe Transfiguration teacher at Hogwarts and head of GryffindorMinerva McGonagall
87%
Timothy SpallA friend of Harry's parents said to have been killed by Sirius Black, but was later revealed to have been the real Death Eater who betrayed Harry's parents to VoldemortPeter Pettigrew
87%
Frances de la TourThe headmistress of Beauxbatons, the French wizarding schoolOlympe Maxime
70%

Score Distribution

Percentile by Number Answered

Percent of People with Each Score

Your Score History

You have not taken this quiz